Ngôn ngữ thơ Việt Nam /

Сохранить в:
Библиографические подробности
Главный автор: Hữu Đạt
Формат: Sách giấy
Язык:Vietnamese
Опубликовано: Hà Nội : Khoa học Xã hội , 2000
Метки: Добавить метку
Нет меток, Требуется 1-ая метка записи!
Thư viện lưu trữ: Thư viện Trường Đại học Đà Lạt
LEADER 00552nam a2200241 4500
001 DLU020016471
005 ##11/23/2000
020 # # |a 978- 
041 # # |a vie 
082 # # |a 808.1  |b HU-D 
100 # # |a Hữu Đạt 
245 # # |a Ngôn ngữ thơ Việt Nam /  |c Hữu Đạt 
260 # # |a Hà Nội :  |b Khoa học Xã hội ,  |c 2000 
300 # # |a 359 tr.;   |c 19 cm. 
992 # # |a 29000 
994 # # |a DLU 
900 # # |a False 
911 # # |a Administrator 
925 # # |a G 
926 # # |a A 
927 # # |a SH 
980 # # |a Thư viện Trường Đại học Đà Lạt